| 000 | 00000cas 2200000zi 4500 |
| 001 | 9.927694 |
| 003 | CaOODSP |
| 005 | 20251230105002 |
| 006 | m o d f |
| 007 | cr cn |||||||| |
| 008 | 230921c20239999bccar p o f0 b0fre|d |
| 022 | |a2817-7231 |
| 040 | |aCaOODSP|bfre|erda|cCaOODSP |
| 043 | |an-cn-bc |
| 086 | 1 |aIu97-1/7F-PDF |
| 110 | 1 |aCanada. |bDéveloppement économique Canada pour le Pacifique, |eauteur, |eorganisme de publication. |
| 222 | 0|aRapport sur les résultats ministériels |b(Canada. Développement économique Canada pour le Pacifique) |
| 245 | 10|aRapport sur les résultats ministériels / |cDéveloppement économique Canada pour le Pacifique. |
| 264 | 1|aVancouver (Colombie-Britannique) : |bPacific Economic Development Canada = Développement économique Canada pour le Pacifique, |c[2023]- |
| 310 | |aAnnuel |
| 336 | |atexte|btxt|2rdacontent/fre |
| 337 | |ainformatique|bc|2rdamedia/fre |
| 338 | |aressource en ligne|bcr|2rdacarrier/fre |
| 362 | 1 |aParaît depuis : 2022/2023. |
| 500 | |aPublié aussi en anglais sous le titre : Departmental results report. |
| 588 | |aDescription d'après : 2022/2023; titre de la page couverture du fichier PDF. |
| 588 | |aDernière livraison consultée : 2022/2023. |
| 610 | 16|aCanada. |bDéveloppement économique Canada pour le Pacifique|xCrédits budgétaires et dépenses|vPériodiques. |
| 650 | 6|aDépenses publiques|vPériodiques. |
| 655 | 7|aPériodiques|2rvmgf |
| 775 | 08|tDepartmental results report / |w(CaOODSP)9.927695 |
| 780 | 00|tRapport sur les résultats ministériels / |w(CaOODSP)9.837561 |